| 000 | 00585nam a22001937a 4500 | ||
|---|---|---|---|
| 005 | 20170724140718.0 | ||
| 010 | _aENG-119329 | ||
| 020 |
_a9789382770176 _c595.00 |
||
| 035 | _aEN-102861 | ||
| 037 | _bDBAD/PUB | ||
| 082 | _a882 | ||
| 100 | _aManish Dayal | ||
| 245 |
_aThe journey of Indian drama in english / _cby Manish Dayal |
||
| 260 |
_a Delhi _bImage India _c2015 |
||
| 270 |
_aF-29, Street No.6, Sadatpur Extension _b Delhi _e110092 |
||
| 300 |
_a182p. : _c22cm(Hb) _bill. |
||
| 500 | _aIncludes bibliographical references | ||
| 942 |
_2ddc _cEN _mMAN _h882 |
||
| 999 |
_c142799 _d142799 |
||